000 01589nam a2200397Ia 4500
001 ebr10135676
003 CaPaEBR
006 m u
007 cr cn|||||||||
008 020806s2003 nyu sb 001 0 eng d
010 _z 2002029892
020 _z1403982503
020 _z0312294689 (alk. paper)
020 _z0312294670
040 _aCaPaEBR
_cCaPaEBR
035 _a(OCoLC)560190781
050 1 4 _aE185.61
_b.F8397 2003eb
082 0 4 _a323.1/196073/009045
_221
245 0 0 _aFreedom north
_h[electronic resource] :
_bBlack freedom struggles outside the South, 1940-1980 /
_cedited by Jeanne Theoharis and Komozi Woodard.
250 _a1st ed.
260 _aNew York :
_bPalgrave Macmillan,
_c2003.
300 _axiv, 326 p.
504 _aIncludes bibliographical references and index.
533 _aElectronic reproduction.
_bPalo Alto, Calif. :
_cebrary,
_d2009.
_nAvailable via World Wide Web.
_nAccess may be limited to ebrary affiliated libraries.
650 0 _aAfrican Americans
_xCivil rights
_xHistory
_y20th century.
650 0 _aCivil rights movements
_zUnited States
_xHistory
_y20th century.
651 0 _aNortheastern States
_xRace relations.
651 0 _aMiddle West
_xRace relations.
651 0 _aWest (U.S.)
_xRace relations.
651 0 _aUnited States
_xRace relations.
655 7 _aElectronic books.
_2local
700 1 _aTheoharis, Jeanne.
700 1 _aWoodard, Komozi.
710 2 _aebrary, Inc.
856 4 0 _uhttp://site.ebrary.com/lib/rucke/Doc?id=10135676
_zAn electronic book accessible through the World Wide Web; click to view
999 _c189812
_d189812